000 00642nam a22002297a 4500
005 20170124105935.0
010 _aA-481562
020 _c36.00
035 _aA-481562
037 _bCen Lib/Ret
040 _aDPL
_bEN
082 _a303.62506
_bKAM
100 _aKamal Singh
_99345
245 _aTerrorist organization /
_cby Kamal Singh
246 _b
260 _bFamily Books
_c1990
_aNew Delhi
270 _bNew Delhi
_aF-2/16, Ansari Road, Darya Ganj
_e110002
300 _a136p.:
_c21cm(Hb)
_bill.
650 _aTerrorism
_92076
650 _aTerrorists--Psychology
_99346
942 _2ddc
_cEN
_h303.62506
_mKAM
999 _c124109
_d124109